| 000 | 01827nab a2200253 i 4500 | ||
|---|---|---|---|
| 003 | BR-BrBNA | ||
| 005 | 20250529105706.0 | ||
| 008 | 250529b2018 bl.qr|pooa||| 00| 0 por | | ||
| 040 |
_aBR-BrBNA _bpor |
||
| 072 | _aF70 | ||
| 100 | _aCosta-Lima, James Lucas da | ||
| 245 | _aFlora das cangas da Serra dos Carajás, Pará, Brasil: Rhizophoraceae | ||
| 500 | _aPublicação on-line; 5 ref.; 1 illus.; Summaries (En, Pt) | ||
| 520 | _a Resumo É apresentado o tratamento florístico de Rhizophoraceae para as formações de canga da Serra dos Carajás, no estado do Pará, Brasil, com descrição morfológica, comentários sobre distribuição geográfica e habitats preferenciais, bem como ilustração de Cassipourea peruviana, a única espécie da família registrada na área. Palavras-chave: Amazônia, canga, Cassipourea, Floresta Nacional de Carajás, Malpighiales. Abstract The floristic treatment of Rhizophoraceae from the canga formations of the Serra dos Carajás, in Pará state, Brazil, is presented and includes morphological descriptions, comments on geographic distribution and preferential habitats, as well as illustrations of Cassipourea peruviana, the only registered species of Rhizophoraceae in the area. Key words: Amazonia, canga vegetation, Cassipourea, Carajás National Forest, Malpighiales. | ||
| 650 | _aAMAZÔNIA | ||
| 650 | _aCARAJÁS | ||
| 650 | _aFLORESTA | ||
| 650 | _aCOMPOSIÇÃO BOTÂNICA | ||
| 650 | _aTAXONOMIA | ||
| 773 | 0 |
_0709 _9350699 _dRio de Janeiro-RJ Jardim Botanico do Rio de Janeiro 1935 _o2025-3324 _tRodriguésia (Brazil) _x0370-6583; 2175-7860 on-line _gv. 69(1) p. 205-207; (2018) _wBR2025001302 |
|
| 856 | _uhttps://www.scielo.br/j/rod/a/Gx8LnRbgCdLZ5dS5FjtRQMv/?format=pdf&lang=pt | ||
| 942 | _cANA | ||
| 999 |
_c331792 _d331792 |
||